[Event "Muensterland Verbandsklasse playoff 1-4"]
[Site "Germany"]
[Date "2023.03.11"]
[Round "1.7"]
[White "Nadan, Nikolas"]
[Black "Voigt, Hartmut"]
[Result "1-0"]
[WhiteElo "1787"]
[BlackElo "1518"]
[PlyCount "97"]
[EventDate "2022.03.11"]
[EventType "team-k.o."]
[EventRounds "2"]
[EventCountry "GER"]
[SourceTitle "EXT 2024"]
[Source "ChessBase"]
[SourceDate "2023.10.10"]
[SourceVersion "1"]
[SourceVersionDate "2023.10.10"]
[SourceQuality "1"]
[WhiteTeam "Greven"]
[BlackTeam "Hiltrup"]
[WhiteTeamCountry "GER"]
[BlackTeamCountry "GER"]

1. e4 d5 2. exd5 Qxd5 3. Nc3 Qd6 4. d4 Nf6 5. Nf3 a6 6. g3 Bg4 7. Be2 e6 8. Bf4 Qb4 9. Qd2 Qxb2 10. Rb1 Qa3 11. Rxb7 Bd6 12. Bxd6 cxd6 13. 0-0 0-0 14. Rfb1 h6 15. Kg2 Rc8 16. R1b3 Qa5 17. h3 Bf5 18. Bd3 Nc6 19. Bxf5 Qxf5 20. Nh4 Qh5 21. Ra3 g5 22. Nf3 g4 23. hxg4 Nxg4 24. Rb1 Kg7 25. Rh1 Qg6 26. d5 Nb4 27. Ra4 a5 28. a3 Rab8 29. axb4 axb4 30. Rh4 Rxc3 31. Qd4+ Nf6 32. dxe6 Rxc2 33. exf7 b3 34. Qxd6 Rcc8 35. Ra7 Rf8 36. Nd4 b2 37. Ne6+ Kh7 38. Nxf8+ Rxf8 39. Qxf8 b1Q 40. Rxh6+ Qxh6 41. Qxh6+ Kxh6 42. f8Q+ Kg6 43. Rg7+ Kf5 44. g4+ Ke5 45. f4+ Kd5 46. Rg5+ Ke4 47. Re5+ Kd3 48. Qd6+ Kc2 49. Rc5+ 1-0